MARC

LEADER 00000nam0a2200000 4500
001 285081
005 20231101235747.0
020 |a RU  |b 85-23877 
035 |a (RuTPU)RU\TPU\book\309284 
090 |a 285081 
100 |a 20150220d1984 k y0rusy5003 ca 
101 0 |a rus 
102 |a RU 
105 |a a z 001zy 
200 1 |a Процессы и аппараты производств химических реактивов и особо чистых веществ  |e научные труды  |f Всесоюзный научно-исследовательский институт химических реактивов и особо чистых химических веществ (ИРЕА) ; под ред. Е. А. Рябенко 
210 |a Москва  |c Изд-во ИРЕА  |d 1984 
215 |a 166 с.  |c ил. 
320 |a Библиография в конце статей 
606 |a Химические реактивы, чистые  |x Химический анализ  |2 stltpush  |3 (RuTPU)RU\TPU\subj\73373  |9 86405 
610 1 |a производство 
610 1 |a твердые вещества 
610 1 |a химическое растворение 
610 1 |a расчет 
610 1 |a выпарная кристаллизация 
610 1 |a тепломассоперенос 
610 1 |a газожидкостные процессы 
610 1 |a измельчение 
610 1 |a плазмохимический реактор 
610 1 |a термообработка 
610 1 |a кинетика 
610 1 |a кипение 
610 1 |a теплообмен 
675 |a 543-4  |v 3 
702 1 |a Рябенко  |b Е. А.  |4 340 
712 0 2 |a Всесоюзный научно-исследовательский институт химических реактивов и особо чистых химических веществ (ИРЕА)  |2 stltpush  |3 (RuTPU)RU\TPU\col\13967 
801 0 |a RU  |b RuMRKP  |c 19950704  |g psbo 
801 1 |a RU  |b 63413507  |c 20150220 
801 2 |a RU  |b 63413507  |c 20171205  |g RCR 
942 |c BK